[Event "RA March op"]
[Site "Ottawa CAN"]
[Date "2022.03.06"]
[Round "4"]
[White "Sambuev, Bator"]
[Black "Ghasi, Ameet"]
[Result "1-0"]
[WhiteElo "2556"]
[BlackElo "2518"]
[PlyCount "111"]
[EventDate "2022.03.04"]
[EventType "swiss"]
[EventRounds "5"]
[EventCountry "CAN"]

1. g3 g6 2. Bg2 Bg7 3. d4 Nf6 4. e4 O-O 5. Ne2 c5 6. c3 d6 7. O-O Nbd7 8. h3
Rb8 9. Be3 b5 10. e5 dxe5 11. dxc5 Qc7 12. b4 Bb7 13. a4 Bxg2 14. Kxg2 a6 15.
Kh2 e6 16. axb5 axb5 17. Ra5 Nd5 18. Qd3 f5 19. Ra6 e4 20. Qd1 Rfe8 21. Nf4
Nxe3 22. fxe3 Nf8 23. Qb3 Qf7 24. Na3 Red8 25. Rf2 e5 26. Qxf7+ Kxf7 27. Ra7+
Kg8 28. Ng2 Ne6 29. h4 Rd3 30. Rc2 Bh6 31. c4 bxc4 32. Nxc4 Rxb4 33. c6 Rd1 34.
Rb7 Ra4 35. Nb2 Ra2 36. Re7 Rd6 37. c7 Nxc7 38. Rexc7 Rb6 39. Rc8+ Bf8 40. Nd1
Ra1 41. Nf2 Rf1 42. h5 gxh5 43. Nh4 Rf6 44. Re8 Re1 45. Ng2 Rb1 46. Rxe5 Bd6
47. Rd5 Rb3 48. Re2 Kf7 49. Nh3 h4 50. Nxh4 Ke6 51. Ra5 h6 52. Nf4+ Bxf4 53.
gxf4 Rd3 54. Re5+ Kd6 55. Nxf5+ Kd7 56. Ng3 1-0

[Event "RA March op"]
[Site "Ottawa CAN"]
[Date "2022.03.06"]
[Round "4"]
[White "Simic, Dusan"]
[Black "Donev, Danail"]
[Result "1/2-1/2"]
[WhiteElo "2016"]
[BlackElo "1951"]
[PlyCount "70"]
[EventDate "2022.03.04"]
[EventType "swiss"]
[EventRounds "5"]
[EventCountry "CAN"]

1. d4 Nf6 2. Nf3 g6 3. g3 Bg7 4. Bg2 O-O 5. O-O d6 6. b3 Nbd7 7. Bb2 Ng4 8. h3
Nh6 9. Qc1 c6 10. e4 Qc7 11. Na3 e5 12. dxe5 dxe5 13. Nc4 f6 14. Ba3 Re8 15.
Rd1 Nf7 16. h4 Nb6 17. Ne3 Be6 18. c4 Rad8 19. Qc2 Rxd1+ 20. Rxd1 Rd8 21. Rxd8+
Qxd8 22. h5 Bf8 23. Bc1 Qd7 24. Nh4 g5 25. Nhf5 Nh6 26. Nxh6+ Bxh6 27. Nf5 Bf8
28. Be3 Nc8 29. g4 b6 30. Qd2 Qxd2 31. Bxd2 c5 32. Ne3 Ne7 33. f3 Nc6 34. Nd5
Bxd5 35. exd5 Nd4 1/2-1/2

[Event "RA March op"]
[Site "Ottawa CAN"]
[Date "2022.03.06"]
[Round "4"]
[White "Xu, Daniel"]
[Black "Plotkin, Victor"]
[Result "0-1"]
[WhiteElo "2089"]
[BlackElo "2422"]
[PlyCount "96"]
[EventDate "2022.03.04"]
[EventType "swiss"]
[EventRounds "5"]
[EventCountry "CAN"]

1. e4 e5 2. Nf3 Nf6 3. Nxe5 d6 4. Nf3 Nxe4 5. Nc3 Nxc3 6. dxc3 Be7 7. Bf4 Nc6
8. Qd2 Be6 9. Nd4 Nxd4 10. cxd4 O-O 11. Bd3 Qd7 12. O-O Bf6 13. c3 Rfe8 14. Bg5
Bxg5 15. Qxg5 h6 16. Qf4 c6 17. Rfe1 Qe7 18. Bc4 Qf8 19. d5 Bxd5 20. Bxd5 cxd5
21. Qd4 Rxe1+ 22. Rxe1 Re8 23. Rb1 Qe7 24. h3 Qe4 25. Rd1 Qxd4 26. Rxd4 Re1+
27. Kh2 Re2 28. Rb4 b6 29. Kg3 Kf8 30. Kf3 Rc2 31. a4 Ke7 32. Ke3 Kd7 33. a5
bxa5 34. Rb5 a4 35. Ra5 Rxb2 36. Rxa7+ Ke6 37. Rxa4 Rc2 38. Ra3 f5 39. h4 g5
40. hxg5 hxg5 41. g3 g4 42. Rb3 Ke5 43. f4+ Ke6 44. Rb8 Rxc3+ 45. Kd4 Rxg3 46.
Re8+ Kf7 47. Rd8 Ke7 48. Ra8 Rf3 0-1

[Event "RA March op"]
[Site "Ottawa CAN"]
[Date "2022.03.06"]
[Round "5"]
[White "Chiku-Ratte, Olivier-Kenta"]
[Black "Jaferian, Koosha"]
[Result "1-0"]
[WhiteElo "2480"]
[BlackElo "2392"]
[PlyCount "111"]
[EventDate "2022.03.04"]
[EventType "swiss"]
[EventRounds "5"]
[EventCountry "CAN"]

1. d4 Nf6 2. c4 e6 3. Nf3 b6 4. g3 Ba6 5. b3 Bb4+ 6. Bd2 Be7 7. Nc3 c6 8. Bg2
O-O 9. Ne5 d5 10. cxd5 cxd5 11. O-O Nfd7 12. Nxd5 exd5 13. Nxf7 Rxf7 14. Bxd5
Ne5 15. Bxa8 Qxd4 16. Bf4 Rxf4 17. gxf4 Qxf4 18. Qd5+ Kf8 19. Rac1 Nbd7 20. e3
Qg4+ 21. Qg2 Qxg2+ 22. Kxg2 Bxf1+ 23. Kxf1 Bd6 24. f4 Ng4 25. Ke2 h6 26. Rc8+
Ke7 27. Rg8 g5 28. Rg7+ Kd8 29. h3 Ngf6 30. fxg5 hxg5 31. Rxg5 Ke7 32. h4 Ke6
33. Bg2 Kf7 34. Bd5+ Kf8 35. h5 Ne5 36. h6 Nxd5 37. h7 Nf7 38. Rg8+ Ke7 39. Rg7
Be5 40. h8=Q Bxg7 41. Qxg7 Nf6 42. Qg2 Nd7 43. Qb7 a5 44. Qc7 Nfe5 45. e4 Ke6
46. Ke3 Ng4+ 47. Kd4 Nge5 48. Qb7 Nf3+ 49. Ke3 Nfe5 50. Qd5+ Ke7 51. Kf4 Ng6+
52. Kf5 Nh4+ 53. Kg5 Nf3+ 54. Kf4 Nfe5 55. Qxe5+ Nxe5 56. Kxe5 1-0

[Event "RA March op"]
[Site "Ottawa CAN"]
[Date "2022.03.06"]
[Round "5"]
[White "Donev, Danail"]
[Black "Zhu, Matthew"]
[Result "1-0"]
[WhiteElo "1951"]
[BlackElo "2026"]
[PlyCount "107"]
[EventDate "2022.03.04"]
[EventType "swiss"]
[EventRounds "5"]
[EventCountry "CAN"]

1. e4 c5 2. Nc3 d6 3. g3 g6 4. Bg2 Bg7 5. d3 Nc6 6. f4 e6 7. Nf3 Nge7 8. O-O
O-O 9. Be3 Nd4 10. e5 Nef5 11. Bf2 Nxf3+ 12. Qxf3 Nd4 13. Qd1 dxe5 14. fxe5
Bxe5 15. Ne4 Qc7 16. c3 Nf5 17. Nxc5 Rb8 18. d4 Bg7 19. g4 Nd6 20. Bg3 e5 21.
Kh1 Nc4 22. Qe2 b6 23. Ne4 Bb7 24. Nf6+ Bxf6 25. Rxf6 Bxg2+ 26. Kxg2 Rbe8 27.
b3 Na5 28. Qf3 e4 29. Bxc7 exf3+ 30. Rxf3 Re2+ 31. Kg3 Rc8 32. Bf4 Rd8 33. Rf2
Re6 34. Rd2 f6 35. d5 g5 36. Bc7 Rd7 37. Kf3 Re8 38. Bg3 Nc6 39. Rad1 Ne5+ 40.
Bxe5 Rxe5 41. c4 h6 42. Re2 Rxe2 43. Kxe2 Kf7 44. Re1 Kg6 45. Kd3 h5 46. gxh5+
Kxh5 47. Kd4 f5 48. b4 f4 49. c5 g4 50. c6 Rc7 51. b5 g3 52. hxg3 fxg3 53. d6
Rc8 54. c7 1-0

[Event "RA March op"]
[Site "Ottawa CAN"]
[Date "2022.03.06"]
[Round "5"]
[White "Xu, Eddie"]
[Black "Wang, Derek"]
[Result "1-0"]
[WhiteElo "2178"]
[BlackElo "1861"]
[PlyCount "123"]
[EventDate "2022.03.04"]
[EventType "swiss"]
[EventRounds "5"]
[EventCountry "CAN"]

1. d4 d5 2. c4 c6 3. Nc3 Nf6 4. Nf3 dxc4 5. a4 Bf5 6. Ne5 Nbd7 7. Nxc4 Qc7 8.
g3 Nb6 9. Bf4 Qd8 10. Ne5 e6 11. Bg2 Bb4 12. O-O a5 13. e4 Bg6 14. Nxg6 hxg6
15. Na2 Be7 16. Qb3 Nfd7 17. Be3 Ra6 18. Rfe1 Qc7 19. Rac1 Qd8 20. d5 exd5 21.
exd5 cxd5 22. Bf4 Na8 23. Qxb7 Rb6 24. Qxd5 O-O 25. Qxa8 Rxb2 26. Qxd8 Bxd8 27.
Nc3 Bf6 28. Nd5 Bd4 29. Be3 Bxe3 30. Rxe3 Rd8 31. Rd3 Kf8 32. Ne3 Rbb8 33. Rcd1
Ke7 34. Bc6 Nc5 35. Rxd8 Rxd8 36. Rxd8 Kxd8 37. Nc4 Nb3 38. f4 Kc7 39. Bd5 f6
40. Kf2 Nc5 41. Nxa5 Nxa4 42. Nc4 Kd7 43. Ke3 Nc5 44. Nd2 Ke7 45. Kd4 Nd7 46.
Nc4 Nf8 47. Kc5 Nh7 48. Bg8 Nf8 49. Nb6 g5 50. f5 g6 51. Nd5+ Kd8 52. Be6 gxf5
53. Bxf5 Nd7+ 54. Bxd7 Kxd7 55. Nxf6+ Ke6 56. Ne4 Kf5 57. Nf2 Ke5 58. h3 Kf5
59. Kd5 Kg6 60. Ke5 Kh6 61. Kf5 Kh5 62. Ne4 1-0

[Event "RA March op"]
[Site "Ottawa CAN"]
[Date "2022.03.04"]
[Round "1"]
[White "Han, Johnnathan"]
[Black "Robertson, Coleman"]
[Result "1-0"]
[WhiteElo "2271"]
[BlackElo "2008"]
[PlyCount "109"]
[EventDate "2022.03.04"]
[EventType "swiss"]
[EventRounds "5"]
[EventCountry "CAN"]

1. e4 d5 2. exd5 Qxd5 3. Nf3 Nf6 4. d4 e6 5. Be2 Be7 6. O-O O-O 7. c4 Qd8 8.
Nc3 b6 9. Ne5 c6 10. Bf3 Bb7 11. Bf4 Qc8 12. Qe2 Nbd7 13. Rad1 Rd8 14. Rfe1
Nxe5 15. dxe5 Nd7 16. a3 a6 17. Ne4 c5 18. Nd6 Bxd6 19. Rxd6 Bxf3 20. Qxf3 Qc7
21. Red1 Nf8 22. Bg5 Re8 23. h3 h6 24. Bh4 Rac8 25. Qb3 Rb8 26. R1d2 Ng6 27.
Bg3 Ne7 28. Rd7 Qc6 29. R2d6 Qe4 30. Rxb6 Nc6 31. Rbb7 Na5 32. Rxb8 Nxb3 33.
Rxe8+ Kh7 34. Ree7 Qe1+ 35. Kh2 Nd2 36. h4 Nf1+ 37. Kh3 Nxg3 38. fxg3 h5 39.
Kh2 Kg6 40. Rxf7 Qe2 41. Rxg7+ Kf5 42. Rg5+ Ke4 43. b3 Qb2 44. Rxh5 Qxb3 45.
Rg5 Qxa3 46. h5 Qc1 47. Rdg7 Qf1 48. h6 Qf8 49. h7 Qh8 50. Rh5 Qxg7 51. h8=Q
Qxh8 52. Rxh8 Kxe5 53. Rf8 Kd4 54. g4 Ke5 55. g5 1-0

[Event "RA March op U1900"]
[Site "Ottawa CAN"]
[Date "2022.03.05"]
[Round "2"]
[White "Ahlawat, Jaiho"]
[Black "Masse-Garneau, Anthony"]
[Result "0-1"]
[WhiteElo "1742"]
[BlackElo "1631"]
[PlyCount "100"]
[EventDate "2022.03.04"]
[EventType "swiss"]
[EventRounds "5"]
[EventCountry "CAN"]

1. e4 c5 2. c3 d5 3. Qc2 dxe4 4. Qxe4 Nf6 5. Bb5+ Nbd7 6. Qe3 e6 7. Nf3 Be7 8.
c4 O-O 9. O-O Nb6 10. b3 a6 11. Ba4 Nxa4 12. bxa4 Bd7 13. Nc3 Qa5 14. Ba3 Bxa4
15. Nxa4 Qxa4 16. Bxc5 Bxc5 17. Qxc5 Rac8 18. Qb6 Rxc4 19. Qxb7 Qc6 20. Qxc6
Rxc6 21. Rfc1 Rfc8 22. Rcb1 Rc2 23. a3 Ne4 24. d3 Nd2 25. Nxd2 Rxd2 26. Rb3 g6
27. g3 Rc6 28. Re1 Rcc2 29. Rf1 Rb2 30. Rc3 Rdc2 31. Rxc2 Rxc2 32. Ra1 Rd2 33.
Kf1 Rxd3 34. Ke2 Rb3 35. Ra2 a5 36. a4 Rb4 37. Kd3 Kf8 38. Ra3 Ke7 39. Kc2 e5
40. f3 f5 41. Kd3 Kd6 42. Ke3 Kc5 43. Kd3 Rd4+ 44. Ke3 Kb4 45. Ra1 Kb3 46. f4
Re4+ 47. Kd3 exf4 48. Rb1+ Kxa4 49. Ra1+ Kb5 50. g4 Re3+ 0-1

[Event "RA March op U1900"]
[Site "Ottawa CAN"]
[Date "2022.03.05"]
[Round "2"]
[White "Laurin, Marcel"]
[Black "Zhu, Elber"]
[Result "1/2-1/2"]
[WhiteElo "1664"]
[BlackElo "1524"]
[PlyCount "81"]
[EventDate "2022.03.04"]
[EventType "swiss"]
[EventRounds "5"]
[EventCountry "CAN"]

1. d4 d5 2. c4 e6 3. Nf3 Nf6 4. a3 c5 5. dxc5 Bxc5 6. b4 Bb6 7. c5 Bc7 8. Bb2
a6 9. e3 Nc6 10. Be2 Bd7 11. Nc3 Na7 12. a4 Nc6 13. b5 axb5 14. axb5 Ne5 15. b6
Nxf3+ 16. Bxf3 Be5 17. Ra7 O-O 18. O-O Bc6 19. Qc2 Rc8 20. Rd1 Qe7 21. Ba3 Nd7
22. Na4 Ra8 23. Bb4 Rxa7 24. bxa7 Ra8 25. Nb6 Nxb6 26. cxb6 Qxb4 27. Rb1 Qd6
28. g3 g6 29. Be2 d4 30. exd4 Qd5 31. f3 Qxd4+ 32. Kg2 Bd5 33. Rc1 Qxb6 34.
Qc8+ Kg7 35. Qxa8 Qe3 36. Rc2 Bb3 37. Qxb7 Bxc2 38. Kf1 Qc1+ 39. Kg2 Qe3 40.
Qb5 Qxa7 41. Qxe5+ 1/2-1/2

[Event "Remembrance Day Sectionals"]
[Site "Winnipeg CAN"]
[Date "2022.11.11"]
[Round "1.1"]
[White "Odugbesan, Michael"]
[Black "Baxted, Peter"]
[Result "1-0"]
[WhiteElo "2228"]
[BlackElo "1941"]
[PlyCount "33"]
[EventDate "2022.11.11"]
[EventType "swiss"]
[EventRounds "3"]
[EventCountry "CAN"]

1. Nf3 d5 2. d4 Nf6 3. Bf4 c5 4. e3 Nc6 5. c3 Qb6 6. Qc2 cxd4 7. exd4 Bf5 8.
Qxf5 Qxb2 9. Be2 Qxa1 10. Qc2 e6 11. O-O Ne4 12. Nfd2 Ba3 13. Nxe4 Qb2 14. Nd6+
Ke7 15. Nxa3 Qxa3 16. Nxb7 e5 17. Bc1 1-0

[Event "Remembrance Day Sectionals"]
[Site "Winnipeg CAN"]
[Date "2022.11.11"]
[Round "1.2"]
[White "Baron, Gustav"]
[Black "Stordeur, Jackson"]
[Result "0-1"]
[WhiteElo "2058"]
[BlackElo "1589"]
[PlyCount "187"]
[EventDate "2022.11.11"]
[EventType "swiss"]
[EventRounds "3"]
[EventCountry "CAN"]

1. e4 e5 2. Nf3 Nc6 3. Bb5 a6 4. Ba4 Nf6 5. d3 d6 6. h3 g6 7. O-O Bg7 8. c3 O-O
9. Re1 b5 10. Bc2 d5 11. Qe2 Re8 12. Nbd2 Bb7 13. Nf1 Nb8 14. Bg5 Qd6 15. Rad1
Nbd7 16. Ng3 c5 17. h4 h5 18. Qd2 Kh7 19. a3 Rac8 20. Qe2 Qc6 21. Bc1 Kg8 22.
Ng5 Nb6 23. Qf3 Qc7 24. Nh3 b4 25. Bg5 Nh7 26. Bb1 b3 27. Bc1 Rcd8 28. Qe2 Bc8
29. Ng5 Bg4 30. f3 Bc8 31. Qf2 Nf6 32. Be3 Na4 33. Bc1 c4 34. dxc4 dxc4 35. Nf1
Bf8 36. Kh1 Rd6 37. Rxd6 Qxd6 38. Qe2 Qc6 39. Rd1 Be7 40. Ne3 Nb6 41. Nf1 Rd8
42. Rxd8+ Bxd8 43. Be3 a5 44. Qd2 Qd7 45. g3 Nh7 46. Qxd7 Bxd7 47. Nxh7 Kxh7
48. Kg2 Na4 49. Bc1 Bb6 50. Nd2 Be3 51. Nxb3 cxb3 52. Bxe3 Nxb2 53. Bb6 Nc4 54.
Bc5 Nd2 55. Bd3 b2 56. Bb6 a4 57. Bc5 b1=Q 58. Bxb1 Nxb1 59. Bb4 Be6 60. Kf2
Nd2 61. Ke2 Nc4 62. f4 f6 63. Kd3 Kg7 64. Bc5 Na5 65. Bd6 Bc4+ 66. Ke3 Nc6 67.
Bc5 Kf7 68. Kd2 Ke6 69. Ke3 Kd7 70. Kd2 Na5 71. Bb4 Nb3+ 72. Ke3 Nc1 73. g4
exf4+ 74. Kxf4 Nd3+ 75. Kg3 Nxb4 76. cxb4 Ke6 77. gxh5 gxh5 78. Kf4 Bb5 79. Kf3
Ke5 80. Ke3 Ba6 81. Kf3 Bb7 82. b5 Bxe4+ 83. Ke3 f5 84. b6 f4+ 85. Kd2 Kd4 86.
Ke1 Ke3 87. Kf1 f3 88. b7 Bxb7 89. Ke1 Ba6 90. Kd1 f2 91. Kc2 f1=Q 92. Kc3 Qc4+
93. Kb2 Kd2 94. Ka1 0-1

[Event "Remembrance Day Sectionals"]
[Site "Winnipeg CAN"]
[Date "2022.11.11"]
[Round "1.3"]
[White "Rutter, Blair"]
[Black "Wetzel, Paul"]
[Result "0-1"]
[WhiteElo "1900"]
[BlackElo "1695"]
[PlyCount "146"]
[EventDate "2022.11.11"]
[EventType "swiss"]
[EventRounds "3"]
[EventCountry "CAN"]

1. c4 e5 2. g3 Bc5 3. Bg2 Nf6 4. Nc3 c6 5. e3 d5 6. cxd5 Nxd5 7. Nxd5 cxd5 8.
Ne2 O-O 9. O-O e4 10. d4 Bd6 11. Qb3 Bc7 12. Nc3 f5 13. Qxd5+ Qxd5 14. Nxd5 Na6
15. a3 Bd6 16. Bd2 Be6 17. Nc3 Nc7 18. Rfc1 Nd5 19. Na4 Rf6 20. Nc5 b6 21. Nxe6
Rxe6 22. Bf1 Rd8 23. Bc4 Be7 24. Rc2 Kf8 25. Rac1 Rc6 26. Bxd5 Rxc2 27. Rxc2
Rxd5 28. Rc7 a5 29. Kf1 Rb5 30. Bc3 g5 31. Kg2 g4 32. h3 h5 33. Rc6 Kg7 34. d5+
Kf7 35. d6 Bf6 36. d7 Bd8 37. Bf6 Bxf6 38. Rxf6+ Ke7 39. d8=Q+ Kxd8 40. Rh6
gxh3+ 41. Kxh3 Rxb2 42. Kg2 Ra2 43. Rxb6 Rxa3 44. Rb5 a4 45. Rxf5 Rd3 46. Rxh5
a3 47. Ra5 Kd7 48. Ra4 Kd6 49. Rxe4 a2 50. Ra4 Rd2 51. g4 Kc5 52. g5 Kb5 53.
Ra7 Kb4 54. Kg3 Kb3 55. f4 Rd7 56. Ra6 Rd3 57. Kf3 Kb2 58. f5 Ra3 59. Rxa3 Kxa3
60. f6 a1=Q 61. e4 Qe5 62. Kg4 Qxe4+ 63. Kh5 Qf5 64. Kh6 Kb4 65. Kg7 Qxg5+ 66.
Kf7 Kc5 67. Ke6 Qd5+ 68. Ke7 Qd6+ 69. Kf7 Kd5 70. Kg7 Qg3+ 71. Kf7 Kd6 72. Kf8
Ke6 73. f7 Qg6 0-1

[Event "Remembrance Day Sectionals"]
[Site "Winnipeg CAN"]
[Date "2022.11.11"]
[Round "1.4"]
[White "Bonness, Will"]
[Black "Chen, Xingyu"]
[Result "1-0"]
[WhiteElo "1837"]
[BlackElo "1697"]
[PlyCount "33"]
[EventDate "2022.11.11"]
[EventType "swiss"]
[EventRounds "3"]
[EventCountry "CAN"]

1. e4 e5 2. Nf3 Nc6 3. Nc3 Nf6 4. d4 exd4 5. Nxd4 Bc5 6. Nxc6 bxc6 7. Bd3 d5 8.
O-O Ng4 9. Bf4 Qf6 10. Bg3 h5 11. exd5 h4 12. Ne4 Qh6 13. Bxc7 h3 14. g3 Bb6
15. Bf4 g5 16. Bxg5 Qg6 17. Nf6+ 1-0

[Event "Remembrance Day Sectionals"]
[Site "Winnipeg CAN"]
[Date "2022.11.11"]
[Round "1.5"]
[White "Klokow, John"]
[Black "Celones, Vincent"]
[Result "1/2-1/2"]
[WhiteElo "1661"]
[BlackElo "1207"]
[PlyCount "80"]
[EventDate "2022.11.11"]
[EventType "swiss"]
[EventRounds "3"]
[EventCountry "CAN"]

1. e4 c5 2. Nf3 Nc6 3. d4 cxd4 4. Nxd4 d6 5. c4 Nf6 6. Nc3 e6 7. Be2 Be7 8. Be3
a6 9. Qd2 O-O 10. g4 d5 11. exd5 exd5 12. g5 Ne4 13. Nxe4 dxe4 14. Nxc6 bxc6
15. Qxd8 Rxd8 16. Rd1 Be6 17. Rxd8+ Rxd8 18. O-O Rb8 19. b3 a5 20. h4 a4 21.
Rb1 f5 22. Kg2 Bd6 23. Bd4 f4 24. f3 Bf5 25. Rd1 e3 26. Bxe3 axb3 27. axb3 Rxb3
28. Rxd6 Rxe3 29. Kf2 Re6 30. Rxe6 Bxe6 31. Ke1 Kf7 32. Kd2 Kg6 33. Kd3 Bf5+
34. Kd4 Kh5 35. Ke5 g6 36. Kxf4 Kxh4 37. c5 Be6 38. Bd3 Kh5 39. Be4 Bd7 40. Bd3
Be6 1/2-1/2

[Event "Remembrance Day Sectionals"]
[Site "Winnipeg CAN"]
[Date "2022.11.11"]
[Round "1.6"]
[White "Melynk, Jim"]
[Black "Skop, Mike"]
[Result "0-1"]
[WhiteElo "1652"]
[BlackElo "1645"]
[PlyCount "68"]
[EventDate "2022.11.11"]
[EventType "swiss"]
[EventRounds "3"]
[EventCountry "CAN"]

1. e4 c6 2. Nf3 Na6 3. d4 Nc7 4. Bd3 g6 5. Nc3 Nh6 6. h3 Bg7 7. Be3 f6 8. Qd2
Nf7 9. Ne2 d6 10. h4 e5 11. c3 Bg4 12. Nh2 Be6 13. Nf3 Qe7 14. c4 b6 15. Rc1
Rc8 16. Nc3 f5 17. exf5 gxf5 18. dxe5 dxe5 19. Bg5 Nxg5 20. Nxg5 e4 21. Nxe6
exd3 22. Kf1 Nxe6 23. Qxd3 O-O 24. Qg3 Kh8 25. Re1 Rce8 26. h5 Qg5 27. Qf3 Nd4
28. Qd1 Qg4 29. Qd2 Bf6 30. Nd1 Rxe1+ 31. Qxe1 Nc2 32. Qd2 Rd8 33. Ne3 Nxe3+
34. Qxe3 Rd1+ 0-1

[Event "Remembrance Day Sectionals"]
[Site "Winnipeg CAN"]
[Date "2022.11.11"]
[Round "1.8"]
[White "Sharma, Rohit"]
[Black "Jenkins, Mark"]
[Result "1/2-1/2"]
[WhiteElo "1611"]
[BlackElo "1408"]
[PlyCount "80"]
[EventDate "2022.11.11"]
[EventType "swiss"]
[EventRounds "3"]
[EventCountry "CAN"]

1. e3 e5 2. c4 Nf6 3. Nc3 b6 4. d4 exd4 5. exd4 Bb7 6. Nf3 d5 7. Bf4 Be7 8. Be2
O-O 9. O-O c5 10. Qb3 dxc4 11. Qxc4 Ba6 12. Qa4 Bxe2 13. Nxe2 Qd7 14. Qc4 Rc8
15. dxc5 Rxc5 16. Qb3 Qb5 17. Qxb5 Rxb5 18. b3 Nbd7 19. Ned4 Rc5 20. h3 Rac8
21. Rfe1 Kf8 22. Re2 Rc3 23. Bd2 R3c5 24. Bb4 Rc1+ 25. Re1 Rxe1+ 26. Bxe1 Nc5
27. Rc1 Rc7 28. Bd2 Na6 29. Nb5 Rxc1+ 30. Bxc1 Nb4 31. Nxa7 Nxa2 32. Be3 Nd5
33. Bd2 Nab4 34. Nb5 Nd3 35. Kf1 Bc5 36. Nfd4 g6 37. g3 Kg7 38. Ke2 N3b4 39.
Bxb4 Nxb4 40. Kf3 Kf6 1/2-1/2

[Event "Remembrance Day Sectionals"]
[Site "Winnipeg CAN"]
[Date "2022.11.11"]
[Round "1.11"]
[White "Zhou, Joe"]
[Black "MacPherson, Al"]
[Result "1-0"]
[WhiteElo "1267"]
[BlackElo "1749"]
[PlyCount "119"]
[EventDate "2022.11.11"]
[EventType "swiss"]
[EventRounds "3"]
[EventCountry "CAN"]

1. e4 c5 2. Nf3 d6 3. d4 cxd4 4. Nxd4 Nf6 5. Nc3 a6 6. Be3 e6 7. Be2 Be7 8. O-O
b5 9. a3 Bb7 10. f3 O-O 11. Na2 Nbd7 12. Bd3 d5 13. exd5 Nxd5 14. Bf2 N7f6 15.
Qd2 Qd7 16. Nb4 Rfd8 17. Nxd5 Qxd5 18. Rfd1 Qh5 19. Ne2 Rac8 20. Ng3 Qe5 21. c3
Nd5 22. Bd4 Qg5 23. Qc2 Nf6 24. Bxf6 Bxf6 25. Bxh7+ Kh8 26. Be4 Qe3+ 27. Qf2
Qxf2+ 28. Kxf2 Bxe4 29. Nxe4 Be7 30. Ke2 a5 31. Rxd8+ Rxd8 32. Rd1 Rxd1 33.
Kxd1 b4 34. cxb4 axb4 35. axb4 Bxb4 36. Kc2 Kg8 37. Kd3 Be7 38. Kc4 Kf8 39. b4
Ke8 40. Kb5 Kd8 41. Nc5 Kc7 42. h3 e5 43. g3 Kc8 44. Kc6 f5 45. Kd5 Bf6 46. Nd3
Kb7 47. Nxe5 Ka6 48. Nc6 Kb5 49. Kd6 Kb6 50. Ne7 Kb5 51. f4 Bc3 52. Nd5 Ba1 53.
g4 fxg4 54. hxg4 Bb2 55. g5 Kc4 56. g6 Ba1 57. f5 Bb2 58. Ke6 Bd4 59. f6 Kb5
60. f7 1-0

[Event "Remembrance Day Sectionals"]
[Site "Winnipeg CAN"]
[Date "2022.11.11"]
[Round "2.1"]
[White "Stordeur, Jackson"]
[Black "Odugbesan, Michael"]
[Result "0-1"]
[WhiteElo "1589"]
[BlackElo "2228"]
[PlyCount "41"]
[EventDate "2022.11.11"]
[EventType "swiss"]
[EventRounds "3"]
[EventCountry "CAN"]

1. e4 c5 2. Nf3 d6 3. d4 cxd4 4. Nxd4 Nf6 5. Nc3 a6 6. Bg5 e6 7. f4 Nc6 8. Nf3
Qb6 9. Qd2 Qxb2 10. Rb1 Qa3 11. e5 dxe5 12. fxe5 Nd7 13. Bd3 Qa5 14. O-O Ndxe5
15. Nxe5 Qxe5 16. Be4 Bc5+ 17. Kh1 O-O 18. Rf3 f5 19. Bd3 b5 20. Re1 Qd6 21.
Qe2 0-1

[Event "Remembrance Day Sectionals"]
[Site "Winnipeg CAN"]
[Date "2022.11.11"]
[Round "2.2"]
[White "Baxted, Peter"]
[Black "Baron, Gustav"]
[Result "0-1"]
[WhiteElo "1941"]
[BlackElo "2058"]
[PlyCount "98"]
[EventDate "2022.11.11"]
[EventType "swiss"]
[EventRounds "3"]
[EventCountry "CAN"]

1. d4 Nf6 2. c4 g6 3. Nc3 d5 4. Qb3 dxc4 5. Qxc4 Bg7 6. e4 O-O 7. Nf3 c6 8. Be2
a5 9. a4 Na6 10. Qb3 Nb4 11. Bc4 Bg4 12. Be3 Bxf3 13. gxf3 Qd7 14. h4 Ne8 15.
h5 Nd6 16. Be2 b5 17. hxg6 hxg6 18. Rd1 Rfb8 19. Rd2 e6 20. Bf4 Rb7 21. Be5 Ne8
22. Bxg7 Nxg7 23. e5 bxa4 24. Qxa4 Nd5 25. Ne4 Rb4 26. Qa2 Qa7 27. Nc5 Nf5 28.
Bc4 Nxd4 29. Rxd4 Qxc5 30. Rdh4 Kf8 31. Rh8+ Ke7 32. Rxa8 Rxc4 33. O-O Nc7 34.
Rxa5 Nb5 35. Ra4 Rc2 36. Re4 Nc3 37. Qa3 Nxe4 38. fxe4 Qxa3 39. bxa3 Ra2 40.
Rc1 Kd7 41. Rc3 Kc7 42. Rf3 Kb6 43. Rxf7 c5 44. Rf6 g5 45. Rxe6+ Kb5 46. Rd6
Rxa3 47. Rd5 g4 48. Kg2 Ra4 49. Rd3 Rxe4 {scoresheets incomplete} 0-1

[Event "Remembrance Day Sectionals"]
[Site "Winnipeg CAN"]
[Date "2022.11.11"]
[Round "2.3"]
[White "Chen, Xingyu"]
[Black "Rutter, Blair"]
[Result "0-1"]
[WhiteElo "1697"]
[BlackElo "1900"]
[PlyCount "42"]
[EventDate "2022.11.11"]
[EventType "swiss"]
[EventRounds "3"]
[EventCountry "CAN"]

1. e4 e6 2. Nc3 d5 3. exd5 exd5 4. d4 Nf6 5. Nf3 c6 6. h3 Bd6 7. Qe2+ Be6 8.
Ng5 Qd7 9. Nxe6 fxe6 10. g4 O-O 11. g5 Ne8 12. Rg1 Qf7 13. Be3 Nd7 14. h4 e5
15. Bh3 Nc7 16. g6 hxg6 17. Bxd7 Qxd7 18. Rxg6 Rae8 19. Qg4 Qxg4 20. Rxg4 exd4
21. Rxd4 c5 0-1

[Event "Remembrance Day Sectionals"]
[Site "Winnipeg CAN"]
[Date "2022.11.11"]
[Round "2.4"]
[White "Wetzel, Paul"]
[Black "Bonness, Will"]
[Result "0-1"]
[WhiteElo "1695"]
[BlackElo "1837"]
[PlyCount "84"]
[EventDate "2022.11.11"]
[EventType "swiss"]
[EventRounds "3"]
[EventCountry "CAN"]

1. e4 d5 2. exd5 Qxd5 3. Nc3 Qd8 4. d4 Nf6 5. Bd3 Nc6 6. Nf3 Bg4 7. Be3 e6 8.
h3 Bh5 9. Bb5 Bb4 10. g4 Bg6 11. Ne5 Qd5 12. Bxc6+ bxc6 13. f3 O-O 14. O-O Bxc3
15. bxc3 Qa5 16. Nxc6 Qxc3 17. Ne7+ Kh8 18. Nxg6+ hxg6 19. Qe1 Qxc2 20. Qh4+
Kg8 21. Rac1 Qxa2 22. Bf4 Qd5 23. Be5 Nd7 24. Bg3 c6 25. Kh1 Qxd4 26. Rcd1 Qc4
27. Bd6 Rfe8 28. Rf2 Nf6 29. Be5 Nd5 30. Rdd2 f6 31. Rc2 Qa4 32. Bd6 e5 33. Bc5
e4 34. g5 f5 35. Rfe2 Qb5 36. Kh2 exf3 37. Rxe8+ Rxe8 38. Bf2 Re2 39. Rc1 Qb2
40. Rf1 Qe5+ 41. Kg1 f4 42. Bc5 Ne3 0-1

[Event "Remembrance Day Sectionals"]
[Site "Winnipeg CAN"]
[Date "2022.11.11"]
[Round "2.5"]
[White "Skop, Mike"]
[Black "Klokow, John"]
[Result "0-1"]
[WhiteElo "1645"]
[BlackElo "1661"]
[PlyCount "42"]
[EventDate "2022.11.11"]
[EventType "swiss"]
[EventRounds "3"]
[EventCountry "CAN"]

1. c3 e5 2. Na3 d5 3. Nc2 Nf6 4. g3 Bd6 5. Nh3 Bf5 6. Ne3 Be4 7. f3 Bg6 8. Qb3
d4 9. Qxb7 Nbd7 10. cxd4 exd4 11. Nc4 Bc5 12. Nf4 O-O 13. Bh3 Re8 14. Nd5 Bd3
15. Nce3 dxe3 16. exd3 exd2+ 17. Kxd2 Ne5 18. Nxf6+ Qxf6 19. f4 Nxd3 20. Kxd3
Qd4+ 21. Kc2 Qc4+ 0-1

[Event "Remembrance Day Sectionals"]
[Site "Winnipeg CAN"]
[Date "2022.11.11"]
[Round "2.6"]
[White "Celones, Vincent"]
[Black "Melynk, Jim"]
[Result "1/2-1/2"]
[WhiteElo "1207"]
[BlackElo "1652"]
[PlyCount "78"]
[EventDate "2022.11.11"]
[EventType "swiss"]
[EventRounds "3"]
[EventCountry "CAN"]

1. e4 d6 2. d4 Nf6 3. Nc3 c6 4. Nf3 Qa5 5. Bd2 Qc7 6. Bd3 e5 7. O-O Nbd7 8. d5
Be7 9. a3 a5 10. Re1 O-O 11. b4 axb4 12. axb4 Rxa1 13. Qxa1 Nb6 14. h3 cxd5 15.
Nb5 Qd7 16. Qa5 Bd8 17. Bg5 Nc4 18. Qa4 Nb2 19. Qb3 Nxd3 20. Qxd3 dxe4 21. Qxd6
Qxb5 22. Nxe5 Be6 23. Rd1 Qb6 24. Qxb6 Bxb6 25. Bxf6 gxf6 26. Nd7 Bxd7 27. Rxd7
Rb8 28. c4 Kf8 29. c5 Ba7 30. Rc7 e3 31. Kf1 exf2 32. Kxf2 Bxc5+ 33. Rxc5 b5
34. Kf3 Rb6 35. Kf4 Kg7 36. Kf5 Kf8 37. Rc8+ Kg7 38. h4 Re6 39. Rc5 Rb6 1/2-1/2

[Event "Remembrance Day Sectionals"]
[Site "Winnipeg CAN"]
[Date "2022.11.11"]
[Round "2.7"]
[White "Jenkins, Mark"]
[Black "Jarmasz, Peter"]
[Result "0-1"]
[WhiteElo "1408"]
[BlackElo "1622"]
[PlyCount "50"]
[EventDate "2022.11.11"]
[EventType "swiss"]
[EventRounds "3"]
[EventCountry "CAN"]

1. d4 d5 2. c4 e5 3. dxe5 d4 4. Nf3 Nc6 5. Bg5 Be7 6. Bxe7 Ngxe7 7. Nbd2 Ng6 8.
Nb3 Ncxe5 9. Nxe5 Nxe5 10. e3 d3 11. Nd2 O-O 12. g3 Bg4 13. f3 Be6 14. b3 f5
15. Bg2 g5 16. Qb1 f4 17. e4 Qd4 18. Bf1 Nxf3+ 19. Kd1 Bg4 20. Qxd3 Qxa1+ 21.
Kc2 Rad8 22. Qe2 Nd4+ 23. Kd3 Nxe2+ 24. Kc2 Qxa2+ 25. Kd1 Qxd2# 0-1